<?xml version="1.0" encoding="UTF-8"?>
<record
    xmlns:xsi="http://www.w3.org/2001/XMLSchema-instance"
    xsi:schemaLocation="http://www.loc.gov/MARC21/slim http://www.loc.gov/standards/marcxml/schema/MARC21slim.xsd"
    xmlns="http://www.loc.gov/MARC21/slim">

  <leader>01909nam a2200349 i 4500</leader>
  <controlfield tag="001">190629</controlfield>
  <controlfield tag="003">ES-MaACL</controlfield>
  <controlfield tag="005">20251103230534.0</controlfield>
  <controlfield tag="008">220224s2018    sp a          001 0bspa</controlfield>
  <datafield tag="020" ind1=" " ind2=" ">
    <subfield code="a">978-84-16668-54-0</subfield>
  </datafield>
  <datafield tag="080" ind1=" " ind2=" ">
    <subfield code="a">316.334.2</subfield>
  </datafield>
  <datafield tag="080" ind1=" " ind2=" ">
    <subfield code="a">364.2</subfield>
  </datafield>
  <datafield tag="100" ind1="1" ind2=" ">
    <subfield code="a">Azc&#xE1;rate, Gumersindo de,</subfield>
    <subfield code="d">1840-1917</subfield>
    <subfield code="9">24243</subfield>
  </datafield>
  <datafield tag="245" ind1="1" ind2="0">
    <subfield code="a">Estudios econ&#xF3;micos y sociales / </subfield>
    <subfield code="c">Gumersindo de Azc&#xE1;rate ; estudio preliminar de Juan Ignacio Palacio Morena ; edici&#xF3;n conmemorativa del centenario del fallecimiento de Don Gumersindo de Azc&#xE1;rate.</subfield>
  </datafield>
  <datafield tag="250" ind1=" " ind2=" ">
    <subfield code="a">1&#xAA; ed.</subfield>
  </datafield>
  <datafield tag="260" ind1=" " ind2=" ">
    <subfield code="a">Madrid : </subfield>
    <subfield code="b">Cinca, </subfield>
    <subfield code="c">2018.</subfield>
  </datafield>
  <datafield tag="300" ind1=" " ind2=" ">
    <subfield code="a">LVI, 128 p., [11] p. de l&#xE1;m. ; </subfield>
    <subfield code="c">24 cm.</subfield>
  </datafield>
  <datafield tag="490" ind1="1" ind2=" ">
    <subfield code="a">Biblioteca de historia social ; </subfield>
    <subfield code="v">18</subfield>
  </datafield>
  <datafield tag="504" ind1=" " ind2=" ">
    <subfield code="a">Referencias bibliogr&#xE1;ficas.</subfield>
  </datafield>
  <datafield tag="505" ind1="8" ind2=" ">
    <subfield code="a">Contiene: Estudio preliminar: Azc&#xE1;rate y la econom&#xED;a y sociedad contempor&#xE1;neas / Juan Ignacio Palacio Morena . Estudios econ&#xF3;micos y sociales / Gumersindo de Azc&#xE1;rate . Rese&#xF1;a biogr&#xE1;fica de Gumersindo de Azc&#xE1;rate</subfield>
  </datafield>
  <datafield tag="534" ind1=" " ind2=" ">
    <subfield code="p">Con port. de la ed. de: </subfield>
    <subfield code="c">Librer&#xED;a de Victoriano Su&#xE1;rez, 1876.</subfield>
  </datafield>
  <datafield tag="596" ind1=" " ind2=" ">
    <subfield code="a">En verso de port.: Ediciones Cinca desea manifestar su agradecimiento, por su apoyo a la edici&#xF3;n de esta obra y por facilitarnos documentaci&#xF3;n y material gr&#xE1;fico, a...: Ateneo Cient&#xED;fico, Literario y Art&#xED;stico de Madrid</subfield>
  </datafield>
  <datafield tag="599" ind1=" " ind2=" ">
    <subfield code="a">Imagen de cub.: Manuel Yus y Col&#xE1;s. Retr. de Gumersindo de Azc&#xE1;rate. Colecci&#xF3;n del Ateneo Cient&#xED;fico, Literario y Art&#xED;stico de Madrid</subfield>
  </datafield>
  <datafield tag="600" ind1="1" ind2="4">
    <subfield code="a">Azc&#xE1;rate, Gumersindo de,</subfield>
    <subfield code="d">1840-1917</subfield>
    <subfield code="9">24243</subfield>
  </datafield>
  <datafield tag="650" ind1=" " ind2="4">
    <subfield code="a">Sociolog&#xED;a econ&#xF3;mica.</subfield>
    <subfield code="9">17213</subfield>
  </datafield>
  <datafield tag="650" ind1=" " ind2="7">
    <subfield code="a">Problemas sociales</subfield>
    <subfield code="2">embne</subfield>
    <subfield code="9">16415</subfield>
  </datafield>
  <datafield tag="700" ind1="1" ind2=" ">
    <subfield code="a">Palacio Morena, Juan Ignacio, </subfield>
    <subfield code="d">1951-</subfield>
    <subfield code="9">174215</subfield>
  </datafield>
  <datafield tag="830" ind1="1" ind2=" ">
    <subfield code="a">Biblioteca de historia social ; </subfield>
    <subfield code="v">18</subfield>
    <subfield code="9">225915</subfield>
  </datafield>
  <datafield tag="852" ind1="4" ind2=" ">
    <subfield code="a">ES-MaACL</subfield>
    <subfield code="j">A-14892</subfield>
    <subfield code="9"> 197808</subfield>
    <subfield code="b">R.152244</subfield>
    <subfield code="c">DEPO1</subfield>
    <subfield code="d">Olim: N-7892</subfield>
    <subfield code="h">Donaci&#xF3;n: Editorial </subfield>
  </datafield>
  <datafield tag="942" ind1=" " ind2=" ">
    <subfield code="2">udc</subfield>
  </datafield>
  <datafield tag="999" ind1=" " ind2=" ">
    <subfield code="c">190629</subfield>
    <subfield code="d">190629</subfield>
  </datafield>
  <datafield tag="952" ind1=" " ind2=" ">
    <subfield code="0">0</subfield>
    <subfield code="1">0</subfield>
    <subfield code="2">udc</subfield>
    <subfield code="4">0</subfield>
    <subfield code="7">0</subfield>
    <subfield code="a">ATENEOM</subfield>
    <subfield code="b">ATENEOM</subfield>
    <subfield code="c">DEPO1</subfield>
    <subfield code="d">2022-02-24</subfield>
    <subfield code="e">DONACION</subfield>
    <subfield code="l">0</subfield>
    <subfield code="o">A-14892</subfield>
    <subfield code="p">1202848</subfield>
    <subfield code="r">2023-02-23 00:00:00</subfield>
    <subfield code="w">2023-02-23</subfield>
    <subfield code="y">MONOGRAFIA</subfield>
  </datafield>
</record>
